[Event "Ogolnopolska Olimpiada Mlodziezy w Sportach Umyslowych - D14"]
[Site "Walbrzych, Zamek Ksiaz"]
[Date "2013-04-17"]
[Round "4.7"]
[White "Konopacka, Martyna"]
[Black "Sobczak, Marta"]
[Result "1-0"]
[WhiteTitle "I"]
[BlackTitle "I"]
[WhiteElo "1674"]
[BlackElo "1516"]

1. e4 e6 2. d4 d5 3. exd5 exd5 4. Bd3 c5 5. dxc5 Bxc5 6. Nf3 Nc6 7. O-O Nge7 8.
Nbd2 Bg4 9. c3 h6 10. b4 Bd6 11. Re1 O-O 12. h3 Bh5 13. Qb3 Bg6 14. Bxg6 Nxg6
15. a3 Rc8 16. Bb2 Nf4 17. c4 dxc4 18. Nxc4 b5 19. Nxd6 Qxd6 20. Ne5 Nd4 21. Bxd4
Qxd4 22. Qf3 Rc3 23. Rad1 Rxf3 24. Rxd4 Nxh3+ 25. gxh3 Rxa3 26. Kg2 Rc8 27. Rd7
f6 28. Ng4 h5 29. Ne3 Re8 30. Rc1 Re5 31. Rc8+ Kh7 32. h4 Ra2 33. Nd5 Ree2 34.
Nf4 Rxf2+ 35. Kg3 Rf1 36. Nxh5 Rg1+ 37. Kf3 Rf1+ 38. Ke4 f5+ 39. Kd5 Rd1+ 40.
Kc6 Rxd7 41. Kxd7 Rh2 42. Nf4 Rxh4 43. Nd5 Rd4 44. Ke6 Rd2 45. Rc5 a6 46. Kxf5
Rd4 47. Ke5 Rg4 48. Rc6 Rg5+ 49. Ke4 Rg4+ 50. Kf5 Rd4 51. Ke5 Rd1 52. Rxa6 Rd2
53. Rb6 g5 54. Rxb5 Rb2 55. Kf5 Rg2 56. Nf6+ Kh6 57. Ng4+ Kg7 58. Kxg5 Kf7 59.
Re5 Rg3 60. b5 Rb3 61. Ne3 Rb4 62. Kf5 Rb3 63. Ke4 Rb4+ 64. Kd3 Kf6 65. Nd5+ Kxe5
66. Nxb4 Kd6 67. Kc4 Kc7 68. Kc5 Kb7 69. Nd5 Kc8 70. Kb6 Kb8 71. Nc7 Kc8 72. Na6
Kd7 73. Ka7 1-0

[Event "Ogolnopolska Olimpiada Mlodziezy w Sportach Umyslowych - D14"]
[Site "Walbrzych, Zamek Ksiaz"]
[Date "2013-04-17"]
[Round "4.8"]
[White "Pedrak, Paulina"]
[Black "Olechnicka, Karolina"]
[Result "0-1"]
[WhiteTitle "I"]
[BlackTitle "I"]
[WhiteElo "1371"]
[BlackElo "1665"]

1. e4 c5 2. Nf3 d6 3. d4 cxd4 4. Nxd4 Nf6 5. Nc3 a6 6. Be2 e6 7. O-O b5 8. a3 Bb7
9. Bd3 Nbd7 10. Bg5 Be7 11. Kh1 Nc5 12. Re1 Nfxe4 13. Nxe4 Bxg5 14. Nxc5 dxc5
15. Nf3 Bf6 16. c3 O-O 17. Qe2 Qb6 18. Rad1 Rad8 19. Be4 Bd5 20. Qc2 g6 21. Bxd5
exd5 22. Re2 Qc6 23. Rde1 Rfe8 24. h3 Re6 25. Rxe6 fxe6 26. Qe2 Re8 27. Ne5 Qd6
28. Ng4 e5 29. Rd1 Rd8 30. Qf3 Bg7 31. Ne3 d4 32. cxd4 exd4 33. Ng4 c4 34. Qe2
d3 35. Qd2 Qd4 36. Rb1 h5 37. Ne3 Bh6 38. Re1 Qb6 39. Rd1 Re8 40. Re1 a5 41. b4
a4 42. Kg1 Qd4 43. Rc1 Bxe3 44. fxe3 Qxe3+ 0-1

[Event "Ogolnopolska Olimpiada Mlodziezy w Sportach Umyslowych - D14"]
[Site "Walbrzych, Zamek Ksiaz"]
[Date "2013-04-17"]
[Round "4.9"]
[White "Daliga, Anita"]
[Black "Glapa, Anna"]
[Result "1/2-1/2"]
[WhiteTitle "II"]
[BlackTitle "I++"]
[WhiteElo "1347"]
[BlackElo "1660"]

1. e4 c5 2. Nf3 Nc6 3. d4 cxd4 4. Nxd4 Nf6 5. Nc3 d6 6. g3 e5 7. Nde2 Be7 8. h3
O-O 9. Bg2 Be6 10. Nd5 Bxd5 11. exd5 Nb8 12. O-O Na6 13. c4 Rc8 14. b3 Nd7 15.
Be3 b6 16. Nc3 f5 17. Qd2 Bf6 18. Rad1 f4 19. gxf4 exf4 20. Bd4 f3 21. Bh1 Be5
22. Qe3 Qf6 23. Bxe5 Nxe5 24. Ne4 Qg6+ 25. Kh2 Rce8 26. Rg1 Qh5 27. Qg5 Qxg5 28.
Nxg5 Nc5 29. Kg3 h6 30. Ne6 Nxe6 31. dxe6 Rxe6 32. Rge1 Rg6+ 33. Kh2 Rf4 34. Rg1
Rgf6 35. Rc1 Re4 36. Rge1 Rh4 37. Rg1 Re4 38. Rce1 Re2 39. Rxe2 fxe2 40. Re1 Rxf2+
41. Kg3 Rf1 42. Bd5+ Kf8 43. Rxe2 Rf5 1/2-1/2

[Event "Ogolnopolska Olimpiada Mlodziezy w Sportach Umyslowych - D14"]
[Site "Walbrzych, Zamek Ksiaz"]
[Date "2013-04-17"]
[Round "4.10"]
[White "Karleszko, Karolina"]
[Black "Najuch, Natalia"]
[Result "0-1"]
[WhiteTitle "I"]
[BlackTitle "II"]
[WhiteElo "1622"]
[BlackElo "1312"]

1. d4 d5 2. c4 e6 3. cxd5 exd5 4. Nc3 Nf6 5. Qc2 Be7 6. Bf4 c6 7. e3 O-O 8. Bd3
h6 9. Nge2 b6 10. O-O Be6 11. Ng3 Bd6 12. Nce2 Re8 13. Rac1 Bxf4 14. Nxf4 Qc8
15. e4 dxe4 16. Nxe4 Qd8 17. Nxe6 Rxe6 18. Rfd1 Qe8 19. Nxf6+ Rxf6 20. Re1 Qd8
21. Be4 Na6 22. Qa4 Nc7 23. Bxc6 Rb8 24. Qxa7 Ne6 25. d5 Nc7 26. Rcd1 Rd6 27.
Re3 Rxc6 28. Rde1 Ra8 29. Qxa8 Qxa8 30. dxc6 Qxc6 31. Rc3 Qd6 32. h3 Ne6 33. Rec1
Qd5 34. Rc8+ Kh7 35. R1c6 Nf4 36. f3 Qd4+ 37. Kh2 Qf2 38. Rc2 Ne2 39. Rxe2 Qxe2
40. b4 Qxa2 41. Rc6 Qa6 42. Rc7 Qb5 43. Rxf7 Qxb4 0-1

[Event "Ogolnopolska Olimpiada Mlodziezy w Sportach Umyslowych - D14"]
[Site "Walbrzych, Zamek Ksiaz"]
[Date "2013-04-17"]
[Round "4.11"]
[White "Koperska, Nina"]
[Black "Posuniak, Weronika"]
[Result "0-1"]
[WhiteTitle "II"]
[BlackTitle "I"]
[WhiteElo "1388"]
[BlackElo "1540"]

1. e4 e6 2. d4 d5 3. Nc3 dxe4 4. Nxe4 Nd7 5. Bd3 Ngf6 6. Qe2 Be7 7. Nf3 c5 8. dxc5
Nxe4 9. Qxe4 Nxc5 10. Bb5+ Bd7 11. Bxd7+ Qxd7 12. Qe2 Bf6 13. O-O O-O 14. c3 Qd3
15. Qd1 Rfd8 16. Be3 Qxd1 17. Raxd1 Na4 18. Rb1 b6 19. Nd4 Rac8 20. Rfc1 h6 21.
Ne2 Rd7 22. Bd4 Bxd4 23. Nxd4 e5 24. Nf3 f6 25. c4 e4 26. Ne1 Rd2 27. b3 Nc5 28.
Rc2 Rcd8 29. Kf1 Rxc2 30. Nxc2 Rd2 31. Nb4 a5 32. Nc6 Nd3 33. a4 Rxf2+ 34. Kg1
e3 35. Ne7+ Kf7 36. Nd5 Nf4 37. Nxf4 Rxf4 38. Re1 Re4 39. g3 Ke6 40. Kg2 Ke5 41.
Kf3 e2 42. Rxe2 Rxe2 43. Kxe2 Kd4 44. Kd2 g6 45. h3 f5 46. h4 g5 47. h5 f4 48.
gxf4 gxf4 49. Ke2 Kc3 50. Kf3 Kxb3 51. Kxf4 Kxa4 52. Kf5 Kb4 53. Kg6 a4 54. Kxh6
a3 55. Kg7 a2 56. h6 a1=Q+ 57. Kg8 Qh1 58. h7 Kxc4 59. h8=Q Qxh8+ 60. Kxh8 b5
0-1

[Event "Ogolnopolska Olimpiada Mlodziezy w Sportach Umyslowych - D14"]
[Site "Walbrzych, Zamek Ksiaz"]
[Date "2013-04-17"]
[Round "4.12"]
[White "Ziziuk, Martyna"]
[Black "Kalinowska, Karolina"]
[Result "1/2-1/2"]
[WhiteTitle "II"]
[BlackTitle "I"]
[WhiteElo "1361"]
[BlackElo "1504"]

1. c4 e6 2. d4 d5 3. Nf3 Nf6 4. g3 Be7 5. Bg2 O-O 6. Nc3 Nbd7 7. b3 c5 8. O-O Nb6
9. cxd5 Nbxd5 10. Bb2 Bd7 11. Ne5 Rc8 12. e4 Nxc3 13. Bxc3 Bb5 14. Re1 cxd4 15.
Bxd4 Qc7 16. Rc1 Qa5 17. a4 Ba6 18. f4 Rfd8 19. Rxc8 Rxc8 20. Qb1 Qb4 21. Bxa7
b6 22. Rc1 Rxc1+ 23. Qxc1 Bc5+ 24. Kh1 Qxb3 25. a5 h6 26. Bxb6 Bxb6 27. axb6 Qxb6
28. h3 Bb7 29. Nc4 Qd4 30. Nd2 Nxe4 31. Bxe4 Bxe4+ 32. Nxe4 Qxe4+ 33. Kg1 Qd3
34. Kf2 h5 35. h4 Qd4+ 36. Kf3 Qd5+ 37. Kf2 Qa2+ 38. Kf3 Qd5+ 39. Kf2 Qd6 40.
Kf3 Qd7 41. Ke3 f6 42. Ke2 e5 43. Qc4+ Kh8 44. fxe5 fxe5 45. Ke3 Qh3 1/2-1/2

[Event "Ogolnopolska Olimpiada Mlodziezy w Sportach Umyslowych - D14"]
[Site "Walbrzych, Zamek Ksiaz"]
[Date "2013-04-17"]
[Round "4.13"]
[White "Pluta, Natalia"]
[Black "Jurkiewicz, Zuzanna"]
[Result "1-0"]
[WhiteTitle "II"]
[BlackTitle "II+"]
[WhiteElo "1475"]
[BlackElo "1383"]

1. e4 e5 2. Nc3 Nc6 3. f4 exf4 4. Nf3 Bb4 5. d4 d6 6. Bc4 h6 7. Bxf4 Nf6 8. O-O
O-O 9. Qe1 Kh8 10. e5 dxe5 11. dxe5 Nh7 12. Rd1 Qe7 13. Kh1 Be6 14. Bd3 Bxc3 15.
bxc3 Bxa2 16. Qe3 Qe6 17. Rde1 Bd5 18. Nh4 Qg4 19. c4 Bxc4 20. Bxc4 Qxh4 21. Rf3
g5 22. Bg3 Qxc4 23. Ref1 a5 24. Be1 a4 25. Bc3 Kg8 26. Rf5 a3 27. Qh3 Qe6 28.
Qg3 a2 29. Ba1 Nd4 30. R5f2 Nc6 31. h4 Qg6 32. Qc3 Qe6 33. Qg3 Ne7 34. hxg5 hxg5
35. Qd3 Rad8 36. Qg3 Ng6 37. Rf5 Kg7 38. Qc3 Rd7 39. Qb4 Rh8 40. Kg1 Rf8 41. Qxb7
Qb6+ 42. Qxb6 cxb6 43. e6+ Kg8 44. exd7 Nf4 45. Re5 Ne6 46. Rd1 b5 47. Rxe6 fxe6
48. d8=B 1-0

[Event "Ogolnopolska Olimpiada Mlodziezy w Sportach Umyslowych - D14"]
[Site "Walbrzych, Zamek Ksiaz"]
[Date "2013-04-17"]
[Round "4.14"]
[White "Socko, Weronika"]
[Black "Mazgaj, Zuzanna"]
[Result "0-1"]
[WhiteTitle "II"]
[BlackTitle "II"]
[WhiteElo "1584"]
[BlackElo "1371"]

1. d4 f5 2. c4 Nf6 3. Nc3 e6 4. Bg5 Be7 5. Nf3 O-O 6. e3 d6 7. Be2 Ne4 8. Bxe7
Qxe7 9. Qc2 Ng5 10. h4 Nxf3+ 11. Bxf3 e5 12. O-O-O e4 13. Bh5 c6 14. Rdg1 Na6
15. a3 Be6 16. Ne2 b5 17. b3 bxc4 18. bxc4 g6 19. g4 fxg4 20. Qxe4 gxh5 21. Nf4
Rfe8 22. Nxe6 Qxe6 23. Qxc6 Qc8 24. Qxd6 Qxc4+ 25. Kd2 Rab8 26. Rb1 Rxb1 27. Rxb1
Qa2+ 28. Kc3 Rc8+ 0-1

[Event "Ogolnopolska Olimpiada Mlodziezy w Sportach Umyslowych - D14"]
[Site "Walbrzych, Zamek Ksiaz"]
[Date "2013-04-17"]
[Round "4.15"]
[White "Karykowska, Anna"]
[Black "Wojcik, Jagoda"]
[Result "1-0"]
[WhiteTitle "I"]
[BlackTitle "II"]
[WhiteElo "1493"]
[BlackElo "1388"]

1. e4 c5 2. Nf3 Nc6 3. d4 cxd4 4. Nxd4 g6 5. Nc3 Bg7 6. Be3 Nf6 7. Bc4 O-O 8. Bb3
d6 9. h3 Bd7 10. O-O Nxd4 11. Bxd4 Bc6 12. Re1 e5 13. Be3 Nxe4 14. Qd3 Nxc3 15.
Qxc3 Qc7 16. Rad1 Rac8 17. Qb4 Rfd8 18. Bxa7 Qe7 19. Be3 Bf6 20. c4 e4 21. Qd2
b5 22. cxb5 Bxb5 23. Qa5 Bd3 24. Bb6 Re8 25. Rxd3 Bxb2 26. Rde3 Qh4 27. Qd5 Ba3
28. Qxf7+ 1-0

[Event "Ogolnopolska Olimpiada Mlodziezy w Sportach Umyslowych - D14"]
[Site "Walbrzych, Zamek Ksiaz"]
[Date "2013-04-17"]
[Round "4.16"]
[White "Humin, Julia"]
[Black "Kwiatkowska, Agnieszka"]
[Result "1-0"]
[WhiteTitle "II+"]
[BlackTitle "II+"]
[WhiteElo "1386"]
[BlackElo "1492"]

1. e4 d5 2. exd5 Qxd5 3. Nc3 Qd6 4. d4 Nf6 5. Nf3 c6 6. Ne5 Nbd7 7. f4 Nb6 8. g4
Nbd5 9. Bc4 Be6 10. g5 Nxc3 11. bxc3 Nd7 12. Bxe6 Qxe6 13. O-O Nxe5 14. fxe5 Qg6
15. Rb1 O-O-O 16. Qd3 e6 17. Qxg6 fxg6 18. Rf7 Rd7 19. Rxd7 Kxd7 20. Rxb7+ Ke8
21. Rxa7 c5 22. Ra8+ Kf7 23. Ba3 cxd4 24. Rxf8+ Rxf8 25. Bxf8 Kxf8 26. cxd4 Ke7
27. Kf2 Kd7 28. Ke3 h6 29. h4 Kc6 30. c4 Kb6 31. Ke4 Kc6 32. d5+ exd5+ 33. cxd5+
Kd7 34. e6+ 1-0

[Event "Ogolnopolska Olimpiada Mlodziezy w Sportach Umyslowych - D14"]
[Site "Walbrzych, Zamek Ksiaz"]
[Date "2013-04-17"]
[Round "4.17"]
[White "Sekowska, Helena"]
[Black "Zalewska, Katarzyna"]
[Result "1/2-1/2"]
[WhiteTitle "II+"]
[BlackTitle "II"]
[WhiteElo "1459"]
[BlackElo "1373"]

1. e4 e5 2. Nf3 Nc6 3. d4 exd4 4. Nxd4 Bc5 5. Be3 Bb6 6. Bc4 Nf6 7. Nc3 Ne5 8.
Be2 Ba5 9. f3 d5 10. Bf4 Ng6 11. Bg5 dxe4 12. fxe4 c5 13. Bb5+ Bd7 14. Bxd7+ Qxd7
15. Bxf6 gxf6 16. Nde2 Qc6 17. Qd5 Qb6 18. O-O-O O-O 19. Rhf1 Bxc3 20. Nxc3 Rad8
21. Qf5 Rxd1+ 22. Rxd1 Qc7 23. g3 Qe5 24. Rd5 Qxf5 25. Rxf5 Ne5 26. Rxf6 Ng4 27.
Rf5 Nxh2 28. Rxc5 f6 29. Rc7 Rf7 30. Rxf7 Kxf7 31. Kd1 Nf1 32. Ne2 Ke6 33. Ke1
Ne3 34. Kd2 Nc4+ 35. Kc3 Ne3 36. Kd3 Nd1 37. b3 Ke5 38. c4 Nf2+ 39. Ke3 Nxe4 40.
a3 a5 41. b4 Nd6 42. Kd3 axb4 43. axb4 Nc8 44. c5 Ne7 45. Nd4 h5 1/2-1/2

[Event "Ogolnopolska Olimpiada Mlodziezy w Sportach Umyslowych - D14"]
[Site "Walbrzych, Zamek Ksiaz"]
[Date "2013-04-17"]
[Round "4.18"]
[White "Kruszewska, Justyna"]
[Black "Wierzbowska, Aleksandra"]
[Result "0-1"]
[WhiteTitle "II"]
[BlackTitle "II+"]
[WhiteElo "1350"]
[BlackElo "1405"]

1. d4 d5 2. c4 e6 3. Nc3 Nf6 4. Bg5 Be7 5. e3 h6 6. Bf4 O-O 7. Qc2 Nbd7 8. cxd5
exd5 9. Bd3 b6 10. Nb5 Bb4+ 11. Kf1 a6 12. Bxc7 Qe7 13. Nc3 Ng4 14. Nxd5 Qg5 15.
Nxb4 Bb7 16. Be4 Qb5+ 17. Qd3 Qxb4 18. Rb1 Bxe4 19. Qxe4 Qc4+ 20. Ne2 Ngf6 21.
Qb7 Qxa2 22. Nc3 Qc4+ 23. Kg1 b5 24. Bd6 Rfc8 25. h3 Qe6 26. Bg3 Nb6 27. Qf3 b4
28. d5 Qe8 29. Nd1 Nbxd5 30. Kh2 Ne4 31. Qe2 Nxg3 32. fxg3 Qe4 33. Nf2 Qxe3 34.
Qxe3 Nxe3 35. Rhe1 Nd5 36. Red1 Nf6 37. Rd4 a5 38. b3 Rc2 39. Ne4 Nxe4 40. Rxe4
Rc3 41. Rd4 Kf8 42. Re4 f6 43. Kg1 Re8 44. Rxe8+ Kxe8 45. Kf1 Kd7 46. Rb2 Rxg3
47. Kf2 Rc3 48. Ke2 Kc6 49. Kd2 Kb5 50. Kd1 a4 51. bxa4+ Kxa4 52. Kd2 Ka3 0-1

[Event "Ogolnopolska Olimpiada Mlodziezy w Sportach Umyslowych - D14"]
[Site "Walbrzych, Zamek Ksiaz"]
[Date "2013-04-17"]
[Round "4.19"]
[White "Tkaczyk, Weronika"]
[Black "Popiel, Natalia"]
[Result "1-0"]
[WhiteTitle "II"]
[BlackTitle "II"]
[WhiteElo "1390"]
[BlackElo "1316"]

1. e4 e5 2. Nf3 Nc6 3. d4 exd4 4. Bc4 d6 5. O-O Nf6 6. Re1 Be7 7. Nxd4 Ne5 8. Bb3
O-O 9. Nc3 h6 10. h3 Bd7 11. Bf4 Ng6 12. Qd2 Qc8 13. Kh2 Kh8 14. Nd5 Nxd5 15.
Bxd5 Bf6 16. Bxh6 gxh6 17. Qxh6+ Kg8 18. Qxg6+ Bg7 19. Nf5 Bxf5 20. Qxf5 Qxf5
21. exf5 c6 22. Bf3 Bxb2 23. Rab1 Be5+ 24. g3 Rab8 25. Re4 Rfe8 26. Reb4 b6 27.
Bxc6 Rec8 28. Ba4 Rc5 29. Bb3 Kf8 30. Rh4 Rb7 31. Rd1 Bf6 32. Rf4 Bg5 33. Rf3
Ke7 34. h4 Bf6 35. Re3+ Kd7 36. Rf3 Rbc7 37. Kg2 b5 38. Bxf7 Rxc2 39. Bb3 R2c5
40. Rfd3 Be7 41. f6 Bf8 42. f7 a5 43. Re1 Be7 44. Rde3 Bf8 45. Re8 Rc8 46. Be6+
1-0

[Event "Ogolnopolska Olimpiada Mlodziezy w Sportach Umyslowych - D14"]
[Site "Walbrzych, Zamek Ksiaz"]
[Date "2013-04-17"]
[Round "4.20"]
[White "Skorupa, Oliwia"]
[Black "Robaszkiewicz, Sara"]
[Result "1-0"]
[WhiteTitle "II+"]
[BlackTitle "II"]
[WhiteElo "1510"]
[BlackElo "1334"]

1. e4 c5 2. Nc3 Nc6 3. f4 g6 4. Nf3 d6 5. Bb5 Bd7 6. Bxc6 Bxc6 7. d3 Bg7 8. O-O
e6 9. Qe1 Ne7 10. Bd2 O-O 11. Qh4 Nc8 12. Qh3 a6 13. f5 exf5 14. exf5 Bd7 15.
Ng5 h6 16. Nf3 Bxf5 17. g4 Bd7 18. Bxh6 Bxg4 19. Qxg4 Bxh6 20. Nd5 Nb6 21. Qh3
Nxd5 22. Qxh6 Qf6 23. Ng5 Qg7 24. Qh3 Rad8 25. Ne6 fxe6 26. Qxe6+ Kh8 27. Qxd5
Qxb2 28. Qg2 Qg7 29. Qh3+ Kg8 30. Qe6+ Rf7 31. Rab1 Rdf8 32. Rxb7 Qe5 33. Qxg6+
Rg7 34. Rxf8+ Kxf8 35. Rxg7 Qxg7 36. Qxg7+ Kxg7 37. Kf2 Kf6 38. Ke3 Kf5 39. h4
d5 40. h5 Kg5 41. h6 Kxh6 42. Kf4 Kg6 43. Ke5 c4 44. Kxd5 cxd3 45. cxd3 Kf5 46.
d4 a5 47. Kc6 Ke6 48. d5+ Ke7 49. Kc7 Ke8 50. d6 a4 51. d7+ Ke7 52. d8=Q+ 1-0

[Event "Ogolnopolska Olimpiada Mlodziezy w Sportach Umyslowych - D14"]
[Site "Walbrzych, Zamek Ksiaz"]
[Date "2013-04-17"]
[Round "4.21"]
[White "Malinowska, Monika"]
[Black "Klisz, Karolina"]
[Result "0-1"]
[WhiteTitle "II+"]
[BlackTitle "II"]
[WhiteElo "1399"]
[BlackElo "1342"]

1. d4 e6 2. c4 d5 3. Nc3 c6 4. Nf3 Nf6 5. Bg5 Be7 6. e3 O-O 7. cxd5 exd5 8. Bd3
Bg4 9. O-O Nbd7 10. Rb1 Re8 11. b4 Qc7 12. b5 c5 13. Rc1 c4 14. Bc2 Bd6 15. h3
Bh5 16. Bf5 h6 17. Bxd7 Nxd7 18. Nxd5 Qa5 19. Bf4 Qxb5 20. Nc3 Qc6 21. Bxd6 Qxd6
22. g4 Bg6 23. Qa4 Rac8 24. Nb5 Qc6 25. Nd2 a6 26. Nc3 b5 27. Qb4 f5 28. f3 Rxe3
29. Rce1 Rce8 30. Rxe3 Rxe3 31. Nd1 Rd3 32. Qb2 c3 33. Qb3+ Bf7 0-1

[Event "Ogolnopolska Olimpiada Mlodziezy w Sportach Umyslowych - D14"]
[Site "Walbrzych, Zamek Ksiaz"]
[Date "2013-04-17"]
[Round "4.22"]
[White "Rudol, Maria"]
[Black "Maciak, Gabriela"]
[Result "0-1"]
[WhiteTitle "II"]
[BlackTitle "II"]
[WhiteElo "1488"]
[BlackElo "1433"]

1. c4 e5 2. Nc3 Nc6 3. g3 g6 4. Bg2 Bg7 5. e3 d6 6. d3 Be6 7. Nge2 Qd7 8. a3 Bh3
9. O-O h5 10. f4 h4 11. Rf2 hxg3 12. Nxg3 exf4 13. exf4 Bd4 14. Qe2+ Qe7 15. Be3
Bxe3 16. Bxh3 Bxf2+ 17. Qxf2 Kd8 18. Bg2 Qd7 19. b4 a6 20. d4 Nh6 21. Bf3 Ng4
22. Bxg4 Qxg4 23. Nd5 Ne7 24. Nxe7 Kxe7 25. Re1+ Kd7 26. c5 Rae8 27. Rc1 Re6 28.
d5 Rf6 29. Qb2 Qxf4 30. Rf1 Qe3+ 31. Kg2 Rxf1 32. Nxf1 Qe4+ 33. Kg1 Re8 34. c6+
bxc6 35. dxc6+ Qxc6 36. Qf6 Re7 37. h4 Qe4 38. Ng3 Qg4 39. Kh2 c6 40. a4 Qxb4
41. h5 Qd2+ 42. Kh3 gxh5 43. Nf5 Qd3+ 44. Kh4 Qe4+ 45. Kxh5 Qe6 46. Qxe7+ Qxe7
47. Nxe7 Kxe7 0-1

[Event "Ogolnopolska Olimpiada Mlodziezy w Sportach Umyslowych - D14"]
[Site "Walbrzych, Zamek Ksiaz"]
[Date "2013-04-17"]
[Round "5.1"]
[White "Dmochowska, Agnieszka"]
[Black "Marczuk, Anna"]
[Result "0-1"]
[WhiteTitle "WCM"]
[BlackTitle "I+"]
[WhiteElo "1794"]
[BlackElo "1749"]

1. d4 d6 2. Nf3 Bg4 3. c4 Bxf3 4. gxf3 g6 5. Nc3 Bg7 6. e4 Nd7 7. Be3 Ngf6 8. f4
O-O 9. e5 Ne8 10. h4 c5 11. h5 cxd4 12. hxg6 fxg6 13. Qg4 dxe5 14. c5 Nxc5 15.
b4 dxe3 16. Bc4+ e6 17. Rd1 exf2+ 18. Kf1 Qf6 19. bxc5 Nc7 20. Rd7 Qxf4 21. Bxe6+
Nxe6 22. Qxe6+ Rf7 23. Qd5 Raf8 24. Rxb7 Qe3 25. Ne2 Qf3 26. Qxf3 Rxf3 27. c6
Rc8 28. Kg2 e4 29. c7 Rf7 30. Rc1 f1=Q+ 31. Rxf1 Rfxc7 32. Rb4 Rc2 33. Rxe4 Rxa2
34. Kg3 Rf8 35. Rb1 Rb2 36. Rc1 Rb7 37. Ra4 Re7 38. Rc2 Be5+ 39. Kg2 Ref7 40.
Nc1 h5 41. Nd3 Bb8 42. Nf2 Rf3 43. Rca2 Rg3+ 44. Kh1 Re8 45. Ra1 Re2 46. Rb1 Bd6
47. Rf1 Rf3 48. Kg2 Rg3+ 49. Kh1 Bc5 50. Rf4 Rxf2 51. R4xf2 Bxf2 52. Rxf2 a5 53.
Ra2 Rg5 54. Kh2 Kf7 55. Kh3 Rf5 56. Kh4 Ke6 57. Ra4 Kd6 58. Ra2 Kc6 59. Rg2 Rf4+
60. Kh3 Rg4 61. Rc2+ Kb5 62. Rb2+ Kc4 63. Ra2 Kb4 64. Rb2+ Kc3 65. Ra2 a4 66.
Rf2 a3 67. Rf3+ Kb4 68. Rf2 Rc4 0-1

[Event "Ogolnopolska Olimpiada Mlodziezy w Sportach Umyslowych - D14"]
[Site "Walbrzych, Zamek Ksiaz"]
[Date "2013-04-17"]
[Round "5.2"]
[White "Olechnicka, Karolina"]
[Black "Antolak, Julia"]
[Result "0-1"]
[WhiteTitle "I"]
[BlackTitle "I+"]
[WhiteElo "1665"]
[BlackElo "1747"]

1. e4 Nf6 2. e5 Nd5 3. d4 d6 4. f4 g6 5. Nf3 Bg7 6. Bc4 Nb6 7. Bb3 d5 8. Be3 Nc6
9. Nbd2 e6 10. c4 dxc4 11. Bxc4 Ne7 12. Ne4 Bd7 13. b3 Bc6 14. Nc5 Nbd5 15. Bd2
b6 16. Nd3 Nf5 17. Qe2 Nde7 18. Bc3 b5 19. Nb4 bxc4 20. Nxc6 Nxc6 21. Qxc4 Qd5
0-1

[Event "Ogolnopolska Olimpiada Mlodziezy w Sportach Umyslowych - D14"]
[Site "Walbrzych, Zamek Ksiaz"]
[Date "2013-04-17"]
[Round "5.3"]
[White "Kozubal, Aleksandra"]
[Black "Kubicka, Anna"]
[Result "0-1"]
[WhiteTitle "I"]
[BlackTitle "I+"]
[WhiteElo "1477"]
[BlackElo "1686"]

1. d4 d5 2. c4 c6 3. Nc3 a6 4. e3 Nf6 5. Nf3 Bg4 6. Bd3 b5 7. cxd5 cxd5 8. Bd2
Nc6 9. Rc1 Rc8 10. h3 Bxf3 11. Qxf3 e6 12. O-O Be7 13. Qg3 O-O 14. f4 Na5 15.
b3 Qb6 16. Kh1 Ba3 17. Rcd1 Nc6 18. Qf3 Nb4 19. Bb1 Bb2 20. Ne2 Nc2 21. Ng3 Rc6
22. f5 e5 23. dxe5 Bxe5 24. Ne2 Ne4 25. Bxc2 Rxc2 26. Bb4 Rxe2 27. Rfe1 Nf2+ 28.
Kg1 Rxe1+ 29. Rxe1 Nd3 30. Bxf8 Nxe1 31. Qe2 Nxg2 32. Bxg7 Bxg7 33. Kxg2 Qc6 34.
Kf1 Qc1+ 35. Kg2 Qb1 36. Qf2 Qe4+ 37. Qf3 Kf8 38. Qxe4 dxe4 39. Kg3 Bh6 40. Kf2
Ke7 41. Ke2 Kf6 42. Kd2 b4 43. Ke2 Kxf5 44. Kf2 Kg5 45. Kg3 Kh5 46. Kf2 Kh4 47.
Ke2 Kxh3 48. Kf2 Bg5 49. Ke2 Kg2 50. Ke1 Bxe3 51. Ke2 Bd4 52. Ke1 Kf3 53. Kf1
e3 54. Ke1 Bc3+ 55. Kd1 e2+ 56. Kc2 e1=Q 57. Kd3 Qe4# 0-1

[Event "Ogolnopolska Olimpiada Mlodziezy w Sportach Umyslowych - D14"]
[Site "Walbrzych, Zamek Ksiaz"]
[Date "2013-04-17"]
[Round "5.4"]
[White "Najuch, Natalia"]
[Black "Konopacka, Martyna"]
[Result "1/2-1/2"]
[WhiteTitle "II"]
[BlackTitle "I"]
[WhiteElo "1312"]
[BlackElo "1674"]

1. d4 d5 2. c4 e6 3. Nc3 c5 4. cxd5 exd5 5. Nf3 Nc6 6. g3 Nf6 7. Bg2 h6 8. O-O
Be6 9. Bf4 a6 10. Re1 b5 11. e4 dxe4 12. Nxe4 Nxe4 13. Rxe4 Be7 14. dxc5 Bxc5
15. Rc1 Qxd1+ 16. Rxd1 O-O 17. Rc1 Bd5 18. Ree1 Bb6 19. Ne5 Bxg2 20. Nd7 Ba5 21.
Kxg2 Bxe1 22. Nxf8 Nb4 23. Rxe1 Nd3 24. Re3 Nxf4+ 25. gxf4 Kxf8 26. Re2 Rc8 27.
Kg3 g6 28. h4 Rc5 29. Rd2 Ke7 30. Kf3 Ke6 31. Re2+ Kf6 32. Rd2 Ke6 33. Re2+ Kd6
34. Rd2+ Rd5 35. Rxd5+ Kxd5 36. Ke3 a5 37. Kd3 f5 38. f3 Kc5 39. a3 a4 40. Kc3
b4+ 41. Kd3 h5 42. axb4+ Kxb4 43. Kc2 Kc4 44. Kd2 Kd4 45. Ke2 Kc4 46. Kd2 1/2-1/2

[Event "Ogolnopolska Olimpiada Mlodziezy w Sportach Umyslowych - D14"]
[Site "Walbrzych, Zamek Ksiaz"]
[Date "2013-04-17"]
[Round "5.5"]
[White "Topolan, Agata"]
[Black "Murawko, Julia"]
[Result "0-1"]
[WhiteTitle "II+"]
[BlackTitle "I"]
[WhiteElo "1449"]
[BlackElo "1651"]

1. c4 c5 2. Nc3 Nc6 3. g3 Nf6 4. Bg2 d6 5. Nf3 g6 6. O-O Bg7 7. d3 O-O 8. Bg5 Be6
9. e4 Qd7 10. Qd2 Bh3 11. Bh6 Bxg2 12. Kxg2 e5 13. Bxg7 Kxg7 14. a3 Nh5 15. Nd5
Ne7 16. Ne3 f5 17. Nh4 f4 18. Nd5 Nxd5 19. cxd5 Qg4 20. f3 Qg5 21. Kh1 h6 22.
Ng2 fxg3 23. Qxg5 hxg5 24. Ne3 Rh8 25. Kg2 gxh2 26. Kxh2 Nf4+ 27. Kg1 Nxd3 28.
Nc4 Rad8 29. Rad1 Nf4 30. Na5 Rd7 31. Rd2 Kf6 32. Nc4 b5 33. Ne3 Rdh7 34. Ng4+
Ke7 35. Kf2 Nh5 36. Rc1 Nf6 37. Nxe5 dxe5 38. d6+ Kd7 39. Rxc5 Rh2+ 40. Ke3 Rxd2
0-1

[Event "Ogolnopolska Olimpiada Mlodziezy w Sportach Umyslowych - D14"]
[Site "Walbrzych, Zamek Ksiaz"]
[Date "2013-04-17"]
[Round "5.6"]
[White "Kaniewska, Emilia"]
[Black "Dwilewicz, Katarzyna"]
[Result "0-1"]
[WhiteTitle "I"]
[BlackTitle "I"]
[WhiteElo "1677"]
[BlackElo "1635"]

1. c4 e5 2. Nc3 Nf6 3. g3 d5 4. cxd5 Nxd5 5. Bg2 Nb6 6. Nf3 Nc6 7. O-O Be7 8. d3
O-O 9. b3 f6 10. Be3 Bg4 11. h3 Bxf3 12. Bxf3 f5 13. Qc1 Qe8 14. Nb5 Bd6 15. Nxd6
cxd6 16. Bxb6 axb6 17. Qc4+ Kh8 18. Bxc6 bxc6 19. e3 d5 20. Qb4 Rb8 21. d4 e4
22. f3 Qh5 23. Kg2 Rf6 24. Rf2 Kg8 25. a4 Rg6 26. Qe7 Qh6 27. Re1 Rf8 28. fxe4
dxe4 29. Qe5 Re6 30. Qc7 Qg5 31. h4 Qh5 32. Rf4 Qf7 33. Qxb6 Rh6 34. Qb4 Qh5 35.
Qc4+ Kh8 36. Qe2 Qf7 37. Qc4 Qh5 38. Ref1 Rhf6 39. a5 g5 40. hxg5 Qxg5 41. Rh1
Rg8 42. Rh3 Rh6 43. Rxh6 Qxg3+ 44. Kf1 Qg1+ 45. Ke2 Rg2+ 0-1

[Event "Ogolnopolska Olimpiada Mlodziezy w Sportach Umyslowych - D14"]
[Site "Walbrzych, Zamek Ksiaz"]
[Date "2013-04-17"]
[Round "5.7"]
[White "Glapa, Anna"]
[Black "Pluta, Natalia"]
[Result "1-0"]
[WhiteTitle "I++"]
[BlackTitle "II"]
[WhiteElo "1660"]
[BlackElo "1475"]

1. e4 g6 2. d4 Bg7 3. Nc3 d6 4. Be3 Nf6 5. f3 Nbd7 6. Nge2 e5 7. Qd2 h6 8. O-O-O
Qe7 9. Nb5 Kd8 10. Qc3 Ne8 11. Qa3 a6 12. dxe5 Nxe5 13. Nec3 Bd7 14. Nd5 Qf8 15.
Nbxc7 Rc8 16. Nxa6 bxa6 17. Bb6+ Nc7 18. Bxc7+ Rxc7 19. Qa5 Nc6 20. Qxc7+ Ke8
21. Nb6 Qe7 22. Qxd7+ Qxd7 23. Nxd7 Kxd7 24. Bxa6 Rb8 25. c3 Ne5 26. Rd5 Ra8 27.
Bb5+ Ke6 28. a4 Bf8 29. Kc2 g5 30. a5 Ng6 31. g3 Ne7 32. Bc4 Kd7 33. Rb5 f6 34.
Bd5 Ra6 35. Rb8 Bg7 36. Ra8 Rxa8 37. Bxa8 Kc7 38. b4 f5 39. b5 Kb8 40. Bd5 1-0

[Event "Ogolnopolska Olimpiada Mlodziezy w Sportach Umyslowych - D14"]
[Site "Walbrzych, Zamek Ksiaz"]
[Date "2013-04-17"]
[Round "5.8"]
[White "Parol, Pola"]
[Black "Daliga, Anita"]
[Result "1-0"]
[WhiteTitle "I"]
[BlackTitle "II"]
[WhiteElo "1638"]
[BlackElo "1347"]

1. e4 e5 2. Nf3 Nc6 3. Bb5 Bc5 4. c3 d6 5. O-O Bd7 6. d4 exd4 7. cxd4 Bb6 8. Nc3
a6 9. Ba4 Nge7 10. Bg5 O-O 11. Nd5 Ba7 12. Bxc6 f6 13. Bxd7 Qxd7 14. Bf4 Ng6 15.
Bg3 c6 16. Nf4 Ne7 17. Qb3+ Kh8 18. d5 cxd5 19. Nxd5 1-0